| 000 | 00753nam a2200277Ia 4500 | ||
|---|---|---|---|
| 008 | 170203s9999 xx 000 0 und d | ||
| 020 | _a1561563072 | ||
| 050 | _aFic | ||
| 050 | _b.V531l 1994 | ||
| 100 | _aVerne, Jules | ||
| 245 | _a20,000 leagues under the sea / | ||
| 245 | _c by Jules Verne ; adapted by Diane Flynn Grund. | ||
| 260 | _aChicago, IL : | ||
| 260 | _bMasterwork Books, | ||
| 260 | _c1994 | ||
| 300 | _a184 pages ; | ||
| 300 | _billustrations ; | ||
| 300 | _c24 cm. | ||
| 440 | _a Young collector's illustrated classics. | ||
| 650 | _aScience fiction -- | ||
| 650 | _aSea stories -- | ||
| 650 | _aSubmarines -- | ||
| 650 | _xJuvenile fiction. | ||
| 650 | _xJuvenile fiction. | ||
| 650 | _xJuvenile fiction. | ||
| 999 |
_c306234 _d306234 |
||